Journal of Environmental Health

Bibliographic Details
Format: eBook
Language:English
Published: Estados Unidos National Environmental Health Association 1993-2015
Subjects:
Online Access:Acceso restringido

MARC

LEADER 00000nam a22000007a 4500
005 20151109122439.0
007 cr|||| ||u|
008 151109s19932015-usux||os|||| 0|||a1eng d
022 |a 0022-0892  
035 |a 2852 
040 |a vLex 
090 |c 5685  |d 5685 
245 1 0 |a Journal of Environmental Health  |h [Recurso electrn̤ico] /  |c National Environmental Health Association  
256 |a Servicio en ln̕ea  
260 |a Estados Unidos  |b National Environmental Health Association   |c 1993-2015 
300 |a 1 recurso electrn̤ico  
310 |a Desconocida 
506 1 |a Contenido solo disponible en los productos indicados   |d vLex Global  |d vLex Global (Academic Edition, excluding Law Schools)  |d vLex Global (U.S. Academic Edition, Law Schools)  |d vLex Global (U.S. Academic Edition, excluding Law Schools)  |d vLex Global (Academic Edition, Law Schools) 
650 0 4 |a Medio Ambiente  
651 |z Estados Unidos  
740 0 |a vLex revista (servicio en ln̕ea)  
856 4 0 |u http://vlex.com/source/journal-environmental-health-2852  |z Acceso restringido  
942 |c REV 
999 0 |a  Environnement